00563nam a2200145Ia 4500008004100000020001800041082001400059100002500073245010100098260001900199500004000218650005400258952008800312999001700400120629s9999 xx 000 0 und d a970-8130-39-7 a342 R175c aRamos Torres, Daniel aLos contratos administrativos de adquisiciones, arrendamientos y servicios / Daniel Ramos Torres aMéxico : PAC aBibliografía, glosario o índice a1. DERECHO ADMINISTRATIVO \ 2. DERECHO PUBLICOÌ 00104070a15b15d2008-04-04l0o342 R175Cp15 002720r2017-12-07w2012-06-28yLB c76205d76205